Gims- Titres des chansons par émojis - Statistiques

Statistiques générales
  • Ce quiz a été pris 978 fois
    894 depuis la dernière actualisation
  • Le résultat moyen est 6 sur 15
Statistiques - réponses
émojis Titres Nombre de mots % Correct
🎹 Piano 1
90%
🕷️🇬🇧 Spider 1
85%
🧟 Zombie 1
78%
📞🧔‍♀️ Appelle ta copine 3
63%
❤️❓ Est-ce que tu m'aimes 5-6
63%
🌌 Ciel 1
59%
👶🇬🇧 Baby 1
50%
💔 Brisé 1
49%
🎮❌🇬🇧 Game over 2
33%
⬛🆗 Carré ok 2
27%
❌😶‍🌫️ Sois pas timide 3
14%
🚂 Loco 1
13%
🌬️⬆️ Vent du Nord 3
13%
🚶‍♀️➡️📍 Où aller 2
7%
📱👤 Contact 1
2%
Aucun quiz correspondant
Distribution des résultats
% des personnes avec chaque résultat
Percentile par nombre de réponses
Votre historique - résultats
Vous n’avez pas pris ce quiz depuis la dernière actualisation